000 01210nam a22002417a 4500
001 2597
005 20240103164422.0
020 _a9780439405614
040 _aFISKH
_beng
_cFISKH
_dFISKH
050 _aPZ7.L3274
082 _a813.54
100 _aLasky, Kathryn
245 _aThe shattering /
_cGaurdians of Ga'hoole ; By Kathryn Lasky
250 _aFirst Printing, August 2004
260 _aNew York :
_bScholastic,
_c2004
300 _a176 pages :
_bmap ;
_c20 cm
490 _aGuardians of Ga'hoole
_vBook 5
505 _aO
520 _aIn the midst of war, Soren's sister, Eglantine, unwittingly becomes a spy for Kludd, leader of the Pure Ones, a group of evil owls. She is brainwashed by an owl sent by the Pure Ones to infiltrate the Great Ga'Hoole Tree. Her odd behavior eventually attracts attention, and Soren and his friends vow to find out what has happened. They ultimately learn of her brainwashing and help her reverse the effects. Kludd continues to battle against the Guardians of Ga'Hoole for control of their tree. In the end, Kludd and his forces are defeated, but his conflict with Soren is not yet over.
521 _a790
_bLexile
521 _aO
_bRaz-Plus
942 _2ddc
_cBK
_n0
999 _c2597
_d2597